000 00821nam a2200301 a 4500
003 AR-BaBNM
005 20251128205716.0
008 082120s2002 ||||||||||||||000 | spa||
020 _a950-02-8442-1
040 _cAR-BaBNM
100 1 _aGálvez, Manuel
245 0 0 _aHombres en soledad ;
_bEl uno y la multitud
250 _a1ª ed.
260 _aBuenos Aires
_bSecretaría de Cultura de la Nación
_bFraterna
_c1994
300 _a541 p.
490 0 _aIdentidad nacional
_vv. 50
500 _aContiene referencias bibliográficas en p. 539
650 4 _aREALISMO
650 4 _aLITERATURA ARGENTINA
650 4 _aESCRITORES
650 4 _aNOVELAS
650 4 _aNACIONALISMO
653 _aNARRATIVA
655 _aLITERATURA
700 1 _aGálvez, Lucía
_eprologuista
942 _cBK
998 _cMARTIN
999 _c12501
_d12501